Presidentes autonómicos de España - Estadísticas

Estadísticas generales
  • Esta prueba ha sido intentada 76 veces
    60 desde el último reinicio
  • La puntuación promedio es 12 de 19
Estadísticas de respuestas
Comunidad Autónoma Partido Presidente % Correcto
Comunidad de Madrid PP Isabel Díaz Ayuso
95%
Cataluña PSC Salvador Illa
93%
Andalucía PP Juanma Moreno
91%
Galicia PP Alfonso Rueda
84%
Castilla-La Mancha PSOE Emiliano García-Page
82%
Extremadura PP María Guardiola
80%
Aragón PP Jorge Azcón
77%
Castilla y León PP Alfonso Fernández Mañueco
75%
País Vasco PNV Imanol Pradales
68%
Principado de Asturias PSOE Adrián Barbón
64%
Comunidad Valenciana PP Juanfran Pérez Llorca
57%
Comunidad Foral de Navarra PSOE María Chivite
55%
Canarias CCa Fernando Clavijo
50%
Región de Murcia PP Fernando López Miras
50%
Islas Baleares PP Marga Prohens
50%
Melilla PP Juan José Imbroda
41%
Cantabria PP María José Sáenz de Buruaga
39%
La Rioja PP Gonzalo Capellán
27%
Ceuta PP Juan Jesús Vivas
27%
No se encontraron pruebas coincidentes
Distribución de puntuación
Porcentaje de gente con cada puntuación
Porcentaje por número respondido
Historial de tus puntuaciones
No has intentado esta prueba desde el último reinicio